Využívanie informačno-komunikačných technológií v seniorskom veku

Identifikovanie miery ovládania a využívania informačno-komunikačných technológií seniormi a prekonanie spoločenských bariér, s ktorými sa seniori stretávajú pri ich využívaní. Úloha sociálnych pracovníkov a osvojenie si cieľov prekonávania problémov seniorov pri využívaní IKT.

Salvato in:
Dettagli Bibliografici
Autore principale: Pikna, Jakub
Natura: Capitolo di libro
Lingua:slovacco
Soggetti:
Tags: Aggiungi Tag
Nessun Tag, puoi essere il primo ad aggiungerne!!

MARC

LEADER 00000naa a2200000 4500
001 0281256
005 20240417075151.2
041 0 |a slo 
044 |a SK 
245 1 0 |a Využívanie informačno-komunikačných technológií v seniorskom veku  |c Jakub Pikna ...[et al.] 
520 |a Identifikovanie miery ovládania a využívania informačno-komunikačných technológií seniormi a prekonanie spoločenských bariér, s ktorými sa seniori stretávajú pri ich využívaní. Úloha sociálnych pracovníkov a osvojenie si cieľov prekonávania problémov seniorov pri využívaní IKT. 
610 2 0 |a pracovníci sociálni 
610 2 0 |a práca sociálna 
610 2 0 |a seniori 
610 2 0 |a technológie informačné 
610 2 0 |a technológie inteligentné 
610 2 0 |a zručnosti digitálne 
100 1 |a Pikna, Jakub